000 00297nam a22001337a 4500
008 170412b xxu||||| |||| 00| 0 eng d
020 _a0397505264
041 _aeng
080 _26 ED
_a618
100 _a10
101 _aSHM
245 _aOPERATIVE GYNECOLOGY
_cMATTINGLY.R.F
942 _2udc
_cBK
999 _c10514
_d10514